00405nam a2200145Ia 450000500170000000800410001702000150005808200210007310000130009424500640010726000500017130000170022165000100023865000110024820250108022951.0240331s9999 xx 000 0 und d a0195103580 bELI25775a305.3 aAries, E 0aMen and Women in InteractionbReconsidering the Differences aNew YorkbOxford University Press, Inc.c1996 axiv, 286 p., aWomen aGender